Mobile telecommunications standards,regulations and application (Record no. 583054)
[ view plain ]
| 000 -LEADER | |
|---|---|
| fixed length control field | 00634nam a22001817a 4500 |
| 003 - CONTROL NUMBER IDENTIFIER | |
| control field | CEME |
| 005 - DATE AND TIME OF LATEST TRANSACTION | |
| control field | 20210628210022.0 |
| 008 - FIXED-LENGTH DATA ELEMENTS--GENERAL INFORMATION | |
| fixed length control field | 210210b xxu||||| |||| 00| 0 eng d |
| 020 ## - INTERNATIONAL STANDARD BOOK NUMBER | |
| International Standard Book Number | 0-89006-806-2 |
| 040 ## - CATALOGING SOURCE | |
| Transcribing agency | . |
| 082 ## - DEWEY DECIMAL CLASSIFICATION NUMBER | |
| Classification number | 621.382 BEK |
| 100 ## - MAIN ENTRY--PERSONAL NAME | |
| Personal name | Smits, Jan Bekkers, Rudi |
| 9 (RLIN) | 77855 |
| 245 ## - TITLE STATEMENT | |
| Title | Mobile telecommunications standards,regulations and application |
| 260 ## - PUBLICATION, DISTRIBUTION, ETC. | |
| Place of publication, distribution, etc. | BOSTON |
| Name of publisher, distributor, etc. | ARTECH HOUSE |
| Date of publication, distribution, etc. | 1997 |
| 300 ## - PHYSICAL DESCRIPTION | |
| Extent | 467P |
| 650 ## - SUBJECT ADDED ENTRY--TOPICAL TERM | |
| Topical term or geographic name entry element | MOBILE COMMUNICATION SYSTEMS MOBILE COMMUNICATION SYSTEMS-EUROPE MOBILE COMMUNICATION SYSTEMS-STANDARDS WIRELESS COMMUNICATION SYSTEMS MOBILE COMMUNICATION SYSTEM |
| 9 (RLIN) | 77856 |
| 942 ## - ADDED ENTRY ELEMENTS (KOHA) | |
| Koha item type | Book |
| Source of classification or shelving scheme | |
| Withdrawn status | Lost status | Damaged status | Not for loan | Permanent Location | Current Location | Shelving location | Date acquired | Total Checkouts | Full call number | Barcode | Date last seen | Price effective from | Koha item type |
|---|---|---|---|---|---|---|---|---|---|---|---|---|---|
| College of Electrical & Mechanical Engineering (CEME) | College of Electrical & Mechanical Engineering (CEME) | General Stacks | 06/12/2017 | 621.382 BEK | CEME-33423 | 06/28/2021 | 06/28/2021 | Book |
